La Gestión del impuesto sobre el valor añadido en los ayuntamientos / David Ros i Serra, Jordi Ferrer i Perarnau
ISBN:
84-85884-07-8
Descripción Física:
176 p. ; 19 cm
Colección:
Manual municipal ; 6
Otros Autores:
Ferrer i Perarnau, Jordi
MARC
| LEADER | 00000nam a2200000Ia 4500 | ||
|---|---|---|---|
| 001 | 13750 | ||
| 008 | 160829s1986 xx 000 0 cat d | ||
| 020 | |a 84-85884-07-8 | ||
| 080 | |a M-4-32 | ||
| 100 | |a Ros i Serra, David |9 25401 | ||
| 245 | |a La Gestión del impuesto sobre el valor añadido en los ayuntamientos / David Ros i Serra, Jordi Ferrer i Perarnau | ||
| 260 | |a Barcelona : |b Centre d'Estudis Urbanístics Municipals i Territorials, |c 1986 | ||
| 300 | |a 176 p. ; |c 19 cm | ||
| 490 | |a Manual municipal ; 6 | ||
| 590 | |a Bibliografia. | ||
| 590 | |a Inclou el text del decret sobre l'IVA | ||
| 650 | |a Impostos sobre el valor afegit |9 25402 | ||
| 650 | |a Impostos locals |9 45398 | ||
| 700 | |a Ferrer i Perarnau, Jordi |9 25405 | ||
| 710 | 2 | |a Centre d'Estudis Urbanístics, Municipals i Territorials |9 55007 | |
| 901 | |a Arxiu | ||
| 942 | |n 1 | ||
| 952 | |0 0 |1 0 |4 0 |6 M432 |7 1 |9 43602 |a Arxiu |b Arxiu |d 2016-12-01 |l 0 |o M-4-32 |p 13750 |r 2016-12-01 00:00:00 |w 2016-12-01 |y ARXIU | ||
| 999 | |c 46150 |d 46150 | ||